MARC

Tag First Indicator Second Indicator Subfields
LEADER 00000cas a2200000 a 4500
001 in00002016021
005 20151031144250.0
008 790924d19uu1958njuar1m 1 a0eng
010 |a  90655567   |z sn 89008561  
019 |a 2250267 
022 0 |a 0376-1010 
035 |a (OCoLC)ocm05419114 
040 |a DLC  |c TOL  |d OCL  |d NSD  |d OCL  |d NST  |d DLC  |d NST  |d DLC  |d OCLCQ  |d TXA  |d UtOrBLW 
042 |a nsdp  |a lc 
049 |a TXAM 
050 0 0 |a TK2921  |b .P68a 
082 1 0 |a 621  |2 11 
090 |a QC603  |b .P6 
092 |a 621.354  |b U58p 
111 2 |a Battery Research and Development Conference. 
210 0 |a Proc. - Battery Res. Dev. Conf. 
222 0 |a Proceedings - Battery Research and Development Conference 
245 1 0 |a Proceedings /  |c Annual Battery Research and Development Conference. 
264 1 |a Fort Monmouth, N.J. :  |b Power Sources Division, U.S. Army Signal Research & Development Laboratory,  |c -[1958] 
300 |a volumes :  |b illustrations ;  |c 28 cm. 
310 |a Annual 
336 |a text  |b txt  |2 rdacontent 
337 |a unmediated  |b n  |2 rdamedia 
338 |a volume  |b nc  |2 rdacarrier 
362 0 |a -12th (21-22 May 1958). 
500 |a Description based on: 12th (21-22 May 1958). 
550 |a Issues for <1956- > issued by the laboratory under its earlier name: U.S. Army Signal Engineer Laboratories. 
650 0 |a Electric batteries  |v Congresses. 
710 2 |a U.S. Army Signal Research and Development Laboratory.  |b Power Sources Division. 
710 2 |a U.S. Army Signal Engineering Laboratories. 
785 0 0 |a Power Sources Conference.  |t Proceedings  |x 0554-8896  |w (DLC) 57061292  |w (OCoLC)3154492 
850 |a AzTeS  |a DLC  |a NcD  |a NcRS  |a PU 
948 |a cataloged  |b h  |c 2004/11/30  |d c  |e fpiscitelli  |f 10:23:45 am 
994 |a E0  |b TXA 
999 |a MARS 
999 f f |s ffc9b0ee-852f-30ac-8026-9ec6a7a7078c  |i e5586b23-a8d2-3fd7-a4cb-9f86a19dc734  |t 0 
952 f f |p ric  |a Texas A&M University  |b Rellis Campus  |c Joint Library Facility  |d Remote Storage  |t 0  |e QC603 .P6  |h Library of Congress classification  |i unmediated -- volume  |k 10th  |l 1956  |m A14831581573 
998 f f |a QC603 .P6  |s 10th (1956)  |t 0  |l Remote Storage